Grow : How ideals power growth and profit at the world's greatest companies

Those who center their business on improving people’s lives have a growth rate triple that of competitors and outperform the market by a huge margin. They dominate their categories, create new categories and maximize profit in the long term.

Đã lưu trong:
書目詳細資料
主要作者: Stengel, Jim
格式: 圖書
語言:Undetermined
出版: New York Crown Business 2011
主題:
標簽: 添加標簽
沒有標簽, 成為第一個標記此記錄!
Thư viện lưu trữ: Trung tâm Học liệu Trường Đại học Cần Thơ
LEADER 00932nam a2200205Ia 4500
001 CTU_226022
008 210402s9999 xx 000 0 und d
082 |a 658.401 
082 |b S825 
100 |a Stengel, Jim 
245 0 |a Grow : 
245 0 |b How ideals power growth and profit at the world's greatest companies 
245 0 |c Jim Stengel 
260 |a New York 
260 |b Crown Business 
260 |c 2011 
520 |a Those who center their business on improving people’s lives have a growth rate triple that of competitors and outperform the market by a huge margin. They dominate their categories, create new categories and maximize profit in the long term. 
650 |a Management,Ideals (Psychology),Ideals (Psychology),Quản trị,Ý tưởng (Tâm lý học) 
650 |x Social aspects,Khía cạnh xã hội,Khía cạnh xã hội 
980 |a Trung tâm Học liệu Trường Đại học Cần Thơ